Los libros sapienciales puestos en verso castellano / (Record no. 162673)

MARC details
000 -LEADER
campo de control de longitud fija 00797nam a22001935i 4500
001 - NÚMERO DE CONTROL
campo de control 162673
003 - IDENTIFICADOR DE NÚMERO DE CONTROL
campo de control ES-MaACL
005 - FECHA Y HORA DE LA ÚLTIMA TRANSACCIÓN
campo de control 20230906212558.0
008 - DATOS DE LONGITUD FIJA--INFORMACIÓN GENERAL
campo de control de longitud fija 940301s1878 sp |||| | spa d
040 ## - FUENTE DE CATALOGACIÓN
Centro catalogador/agencia de origen CAM
Lengua de catalogación spa
130 #0 - ENTRADA PRINCIPAL--TÍTULO UNIFORME
Título uniforme Biblia.
Nombre de parte o sección de la obra A.T.
-- Libros sapienciales.
Lenguaje de la obra Español.
9 (RLIN) 119270
245 14 - MENCIÓN DEL TÍTULO
Título Los libros sapienciales puestos en verso castellano /
Mención de responsabilidad, etc. por Fermín de la Puente y Apezechea ; con otras varias poesías del mismo.
260 ## - PUBLICACIÓN, DISTRIBUCIÓN, ETC.
Lugar de publicación, distribución, etc. Madrid :
Nombre del editor, distribuidor, etc. [s.n.],
Fecha de publicación, distribución, etc. 1878 (
Fabricante Imp. y Fundición de M. Tello)
300 ## - DESCRIPCIÓN FÍSICA
Extensión XIII, 435 p., [1] h. de lám. ;
Dimensiones 22 cm.
505 8# - NOTA DE CONTENIDO CON FORMATO
Nota de contenido con formato Contiene: Sonetos y poesías varias, p. 381-426
599 ## - NOTA A LAS ILUSTRACIONES
NOTA A LAS ILUSTRACIONES La h. de lám.: "Martínez 1876", retr. del autor.
700 0# - ENTRADA AGREGADA--NOMBRE PERSONAL
Nombre de persona Puente y Apezechea, Fermín de la.
9 (RLIN) 94165
852 ## - LOCALIZACIÓN
Ubicación ES-MaACL
Número de control de estantería G-8877
Nota libre -- Enc. hol.
Holdings
Estatus retirado Estado de pérdida Estado de daño No para préstamo Colección Biblioteca de origen Biblioteca actual Ubicación en estantería Fecha de adquisición Fuente de adquisición Total de préstamos Signatura topográfica completa Código de barras Visto por última vez Precio de reemplazo Tipo de ítem Koha
        Libros del s. XIX Biblioteca del Ateneo de Madrid Biblioteca del Ateneo de Madrid Sala Pecera Planta 3 17/01/2008     G-8877 1170427 23/02/2023 23/02/2023 Libro impreso antiguo